000 01130nam a2200241Ii 4500
003 JO-AjNU
008 230605s9999||||xx |||||||||||||| ||und||
017 _a2012/6/2050
020 _a978-9957-455-55-2
040 _aJO-AjNU
_bara
_erda
_cJO-AjNU
041 _aara
050 1 4 _aJQ1850.A91.R32.2012
100 3 _a المديني ، توفيق وآخرون ، تحرير بلقزيز ،عبدالإله,
_eauthor
_949828
245 0 0 _aالربيع العربي .. إلى أين ؟ : أفق جديد للتغيير الديمقراطي 
250 _a(د،ط)
264 3 1 _aعمان : مركز دراسات الوحدة العربية ، 2012
300 _a368ص
336 _atext
_btxt
_2rdacontent
337 _aunmediated
_bn
_2rdamedia
338 _avolume
_bnc
_2rdacarrier
490 0 _a(63) سلسلة كتب المستقبل العربي  
650 4 _aالثورات -- البلاد العربية -- تاريخ -- قرن 21 - الربيع العربي ،2010 - الديمقراطية -- البلاد العربية -- قرن 21 -- البلاد العربية -- سياسة وحكومة -- قرن 21
_949829
999 _aA21911
_c25479
_d25479